| 000 | 01246nam a2200229Ia 4500 | ||
|---|---|---|---|
| 001 | L240-12877 | ||
| 003 | IT-CnALBA | ||
| 008 | 170116s9999||||xx |||||||||||||| ||und|| | ||
| 040 |
_aIT-CnALBA _cIT-CnALBA |
||
| 041 | _aITALIANO | ||
| 100 | _aFRASSINETTI GIUSEPPE, SAC. | ||
| 245 | 0 | _aGESÙ CRISTO REGOLA DEL SACERDOTE. | |
| 250 | _a1a ed. | ||
| 260 |
_a PA ROV. BELL. _bISTIT. VEN. ARTI GRAF. _c1923 [1° Ed.:1923 - Ed.Ling.Originale: 1923] |
||
| 300 | _a117 p. (prefazione: 3) | ||
| 500 | _aVITA INTERIORE ED ESTERIORE DEL SACERDOTE. UMILTÀ. MANSUETUDINE. FORTEZZA PRUDENZA UBBIDIENZA CASTITÀ. MORTIFICAZIONE. DISTACCO DALLE COSE MONDANE. CARITÀ UNFORMITA' ALLA VOLONTÀ DI DIO. ORAZIONE MESSA. PREDICAZIONE FERVOROSA, SEMPLICE SAPIENTE. RICERCA D | ||
| 501 | _aSocietà San Paolo EM - Piazza San Paolo, 14 - 12051 ALBA (CN) (non commercial uses only) ® Copyright 2017 | ||
| 520 | _aVITA INTERIORE ED ESTERIORE DEL SACERDOTE. UMILTÀ. MANSUETUDINE. FORTEZZA PRUDENZA UBBIDIENZA CASTITÀ. MORTIFICAZIONE. DISTACCO DALLE COSE MONDANE. CARITÀ UNFORMITA' ALLA VOLONTÀ DI DIO. ORAZIONE MESSA. PREDICAZIONE FERVOROSA, SEMPLICE SAPIENTE. RICERCA D | ||
| 650 | _aTEOLOGIA SPIRITUALE CRISTIANA | ||
| 942 | _cBK | ||
| 957 | _71 | ||
| 999 |
_a17630 _bSI _g Copie: 1 _c272053 _d272053 |
||